|
|
|
|
| LEADER |
00000nam a2200000 i 4500 |
| 001 |
1/12216 |
| 008 |
110303s2009 eng d |
| 020 |
|
|
|a 978-0-470-12237-2 (pbk)
|
| 035 |
|
|
|l 10109701
|
| 040 |
|
|
|a GR-MY-UA
|b gre
|e aacr
|
| 041 |
0 |
|
|a eng
|
| 082 |
0 |
|
|a 612.39
|2 (22)
|
| 100 |
1 |
|
|a Rosenthal, Miriam D.
|
| 245 |
1 |
0 |
|a Medical biochemistry :
|b human metabolism in health and disease /
|c Miriam D. Rosenthal, Robert H. Glew
|
| 260 |
|
|
|a Hoboken, NJ :
|b Wiley,
|c c2009
|
| 300 |
|
|
|a xi, 426 σ.;
|b πίν., σχέδια;
|c 23 εκ.
|
| 504 |
|
|
|a Ευρετήριο: σ. 411-426
|
| 650 |
0 |
0 |
|a Metabolism.
|
| 650 |
0 |
0 |
|a Metabolism
|x Disorders.
|
| 700 |
1 |
|
|a Glew, Robert H.
|
| 852 |
|
|
|a INST
|b LEMNOS
|e 20110303
|h 612.39 ROS
|p 005600000558
|q 005600000558
|t BK
|y 0
|
| 901 |
|
|
|a BIBL6-2011-1
|
| 909 |
|
|
|a Μ
|b 166887
|
| 922 |
|
|
|a 6ΕΛΗ
|b 201011
|c ΤΑΚ/ΤΕΤΔ
|d ΜΙΧΑΛΟΠΟΥΛΟΣ
|
| 970 |
|
|
|a ΠΑΝΤΑΖΗ
|b ΑΝΤΩΝΙΑ
|z 2011/03/03
|